| 000 | 00741nam a2200217Ia 4500 | ||
|---|---|---|---|
| 999 |
_c41244 _d41244 |
||
| 001 | 7896 | ||
| 003 | GE_BSU | ||
| 005 | 20220930110731.0 | ||
| 008 | 181216sru 2008xx |||||||||||||| ||rus|| | ||
| 020 | _a9785769543852 | ||
| 040 | _cGE_BSU | ||
| 041 | _arus | ||
| 080 | _a81.879(075.8) M-31 | ||
| 100 |
_aМаслова,В.А. _914908 |
||
| 245 |
_aСовременные направления в лингвистике / _cВ.А. Маслова. |
||
| 264 |
_aМосква : _bИздательск. центр Академия, _c2008. |
||
| 300 |
_a272 стр.: _c21см. |
||
| 653 | _aСовременные направления в лингвистике | ||
| 653 | _aენათმეცნიერება | ||
| 942 |
_cBK _2udc |
||